000 00853cam a2200289 a 4500
001 2016043
003 LC
005 20160314140250.0
008 911001s1992 nyu 000 1 eng
010 _a 91037689
020 _a0804111570
040 _aDLC
_cDLC
_dDLC
_dOCoLC
050 0 0 _aPS 3564 .O86
_b.N935 1994
082 0 0 _aFIC
_bN85t 1992
100 1 _aNova, Craig.
_917363
245 1 0 _aTrombone /
_cCraig Nova
250 _a1st ed.
260 _aNew York :
_bGrove Weidenfeld,
_cc1994.
300 _a247 p. :
_c17 cm.
650 0 _aFathers and sons
_xFiction.
_917364
650 0 _aForgers
_xFiction.
_917365
906 _a7
_bcbc
_corignew
_d1
_eocip
_f19
_gy-gencatlg
942 _2lcc
_cBK
999 _c10704
_d10704